000 00368nam a2200145Ia 4500
008 230711s9999||||xx |||||||||||||| ||und||
041 _aENG
082 _a621
_bMA-E
100 _aMalvino,AD
245 0 _aElectronics principles
250 _a10th Ed.
260 _c1990
_aNew Delhi
_bTata McGraw Hill Education Limited
650 _aElectronics Engineering
942 _cBK
999 _c204
_d204